| 000 | 00422nam a2200133Ia 4500 | ||
|---|---|---|---|
| 001 | 3843 | ||
| 008 | 241024s9999 xx 000 0 und d | ||
| 082 | _aRD/382/C397m/2014 | ||
| 100 | _aRepública Dominicana. Centro de Exportación e Inversión de la República Dominicana CEI-RD | ||
| 245 | 0 | _aMarca País, República Dominicana CEI-RD | |
| 260 |
_bSanto Domingo _c2014 |
||
| 901 | _a4/11/2014 10:54:30 a.m. | ||
| 999 |
_c8259 _d8259 |
||